Normal view MARC view
  • Land use

Entry Topical Term

Number of records used in: 1

001 - CONTROL NUMBER

  • control field: 24583

003 - CONTROL NUMBER IDENTIFIER

  • control field: NUST

005 - DATE AND TIME OF LATEST TRANSACTION

  • control field: 20191023105458.0

008 - FIXED-LENGTH DATA ELEMENTS

  • fixed length control field: 191023|| aca||aabn | a|a d

040 ## - CATALOGING SOURCE

  • Original cataloging agency: NUST
  • Transcribing agency: NUST

150 ## - HEADING--TOPICAL TERM

  • Topical term or geographic name entry element: Land use
  • General subdivision: Law and legislation
  • Geographic subdivision: United States.

670 ## - SOURCE DATA FOUND

  • Source citation: Work cat.: (NUST)0: Cullingworth, J. B. 23610, The political culture of planning :, 1993.
© 2023 Central Library, National University of Sciences and Technology. All Rights Reserved.